Statistics for Juventus Players at Euro Cup

Click here to take the quiz!

General Stats

  • This quiz has been taken 114 times
    (3 since last reset)
  • The average score is 54 of 89

Answer Stats

Euro CupTeamPlayer% Correct
2020 EuroWalesAaron Ramsey
100%
2020 EuroFranceAdrien Rabiot
100%
2024 GermanyFranceAdrien Rabiot
100%
2012 Poland/UkraineItalyAndrea Barzagli
100%
2016 FranceItalyAndrea Barzagli
100%
2012 Poland/UkraineItalyAndrea Pirlo
100%
2024 GermanyPolandArkadiusz Milik
100%
2012 Poland/UkraineItalyClaudio Marchisio
100%
2020 EuroPortugalCristiano Ronaldo
100%
2020 EuroSwedenDejan Kulusevski
100%
2024 GermanySerbiaDusan Vlahovic
100%
2020 EuroItalyFederico Chiesa
100%
2024 GermanyItalyFederico Chiesa
100%
2008 Austria/SwitzerlandItalyGianluigi Buffon
100%
2004 PortugalItalyGianluigi Buffon
100%
2016 FranceItalyGianluigi Buffon
100%
2012 Poland/UkraineItalyGianluigi Buffon
100%
2020 EuroItalyGiorgio Chiellini
100%
2016 FranceItalyGiorgio Chiellini
100%
2012 Poland/UkraineItalyGiorgio Chiellini
100%
2008 Austria/SwitzerlandItalyGiorgio Chiellini
100%
2016 FranceCroatiaMario Mandzukic
100%
2020 EuroNetherlandsMatthijs de Ligt
100%
2016 FranceGermanySami Khedira
100%
2016 FranceSwitzerlandStephan Lichtsteiner
100%
2020 EuroPolandWojciech Szczesny
100%
2024 GermanyPolandWojciech Szczesny
100%
2000 Belgium/NetherlandsItalyAlessandro Del Piero
67%
2004 PortugalItalyAlessandro Del Piero
67%
1996 EnglandItalyAlessandro Del Piero
67%
2008 Austria/SwitzerlandItalyAlessandro Del Piero
67%
2016 FranceSpainAlvaro Morata
67%
2020 EuroSpainAlvaro Morata
67%
2004 PortugalFranceDavid Trezeguet
67%
1980 ItalyItalyDino Zoff
67%
2000 Belgium/NetherlandsNetherlandsEdgar Davids
67%
2020 EuroItalyFederico Bernardeschi
67%
2000 Belgium/NetherlandsItalyFilippo Inzaghi
67%
2004 PortugalItalyGianluca Zambrotta
67%
2000 Belgium/NetherlandsItalyGianluca Zambrotta
67%
2016 FranceItalyLeonardo Bonucci
67%
2012 Poland/UkraineItalyLeonardo Bonucci
67%
2020 EuroItalyLeonardo Bonucci
67%
2004 PortugalFranceLilian Thuram
67%
2008 Austria/SwitzerlandItalyMauro Camoranesi
67%
2004 PortugalItalyMauro Camoranesi
67%
2020 EuroTurkeyMerih Demiral
67%
1988 West GermanyDenmarkMichael Laudrup
67%
2016 FranceFrancePatrice Evra
67%
2016 FranceFrancePaul Pogba
67%
2004 PortugalCzech RepublicPavel Nedved
67%
2024 GermanyItalyAndrea Cambiaso
33%
1996 EnglandItalyAngelo Di Livio
33%
1996 EnglandItalyAngelo Peruzzi
33%
1980 ItalyItalyAntonio Cabrini
33%
2000 Belgium/NetherlandsItalyAntonio Conte
33%
2000 Belgium/NetherlandsItalyCiro Ferrara
33%
1980 ItalyItalyClaudio Gentile
33%
2000 Belgium/NetherlandsYugoslaviaDarko Kovacevic
33%
1996 EnglandFranceDidier Deschamps
33%
2000 Belgium/NetherlandsNetherlandsEdwin van der Sar
33%
2012 Poland/UkraineItalyEmanuele Giaccherini
33%
1996 EnglandItalyFabrizio Ravanelli
33%
2024 GermanySerbiaFilip Kostic
33%
1980 ItalyItalyFranco Causio
33%
1980 ItalyItalyGaetano Scirea
33%
2000 Belgium/NetherlandsItalyGianluca Pessotto
33%
2004 PortugalCroatiaIgor Tudor
33%
1992 SwedenGermanyJurgen Kohler
33%
2024 GermanyTurkeyKenan Yildiz
33%
1988 West GermanyItalyLuigi De Agostini
33%
2004 PortugalItalyMarco Di Vaio
33%
1980 ItalyItalyMarco Tardelli
33%
2000 Belgium/NetherlandsItalyMark Iuliano
33%
1984 FranceFranceMichel Platini
33%
1996 EnglandItalyMoreno Torricelli
33%
2024 GermanyItalyNicolò Fagioli
33%
1996 EnglandPortugalPaulo Sousa
33%
1980 ItalyItalyRoberto Bettega
33%
2016 FranceItalySimone Zaza
33%
2016 FranceItalyStefano Sturaro
33%
1988 West GermanyItalyStefano Tacconi
33%
1992 SwedenGermanyStefan Reuter
33%
2008 Austria/SwitzerlandCzech RepublicZdenek Grygera
33%
2000 Belgium/NetherlandsFranceZinedine Zidane
33%
1968 ItalyItalyErnesto Castano
0%
1968 ItalyItalyGiancarlo Bercellino
0%
1964 SpainSpainLuis del Sol
0%
1968 ItalyItalySandro Salvadore
0%

Score Distribution

Percentile by Number Answered

Percent of People with Each Score

Your Score History

You have not taken this quiz since the last reset